000 00727nam a2200229Ia 4500
001 15560
003 GE_BSU
008 181216s||||||||xx |||||||||||||| ||und||
040 _cGE_BSU
080 _a821.353.1-1
100 _aტბაური, ლაშა
245 _aსიმები ქარში
245 _bლექსები
245 _cრედ.მამია ვარშანიძე. მხატვ.გ.ხოჯაშვილი
260 _aბათუმი
260 _bსაბჭ. აჭარა
260 _c1970
300 _a111გვ. : 1 ფ. პორტრ. ; 17სმ
653 _aლექსები
653 _aსიმები ქარში
942 _cBK
999 _c48660
_d48660